Psicología social no. 4

Detaylı Bibliyografya
Yazar: Curtis, Jack H.
Materyal Türü: Set
Dil:Spanish
Edisyon:3a ed.
Seri Bilgileri:Biblioteca del Ejecutivo Moderno
Konular:

MARC

LEADER 00000csc a2200000 a 4500
001 79793-4
005 20230308212054.0
008 000000|1973 ||||||||r|||||||||||spa||
020 |a 8427001975 
040 |b spa 
041 1 |a spa 
082 0 |a 659.2 
100 1 |a Curtis, Jack H.  |9 23451 
245 |a Psicología social  |c Jack H. Curtis; trad. Juan Masana Ronquillo y José Toro Trallero  |h imp  |n no. 4 
250 |a 3a ed. 
264 |a Barcelona  |b Ediciones Marínez Roca  |c 1973 
300 |a 477 páginas:  |c 23 cm 
490 |a Biblioteca del Ejecutivo Moderno 
504 |a incl. ref. 
650 1 |a Psicologia social  |9 62994 
650 1 |a Personalidad 
650 1 |a Conducta colectiva  |9 222616 
852 |a UC-CDJBV  |c SEGUNDO PISO  |f Compra  |k mariana.feican  |l 1  |m General  |p 00000000  |r 2  |t 79793-4  |b 0  |d CDRC  |e CDRC  |g 659.2 SEGUNDO PISO  |z 0000-00-00 
942
999 |c 120854  |d 120854